00588nam a2200157Ia 4500008004100000100002000041245015200061260001100213300002100224440003500245521001000280650002200290650004200312650004300354650003300397140626s9999 xx 000 0 und d aWaldman, Irwin. aChild and adolescent conduct disorder substantially shares genetic influences with three socioemotional dispositions /cIrwin Waldman ... [et al.]. cc2011. a120 : 1, page 57 aJournal of Abnormal Psychology aPSYCH aConduct problems. aGenetic and environmental influences. aMultivariate behavior genetic alayses. aSocioemotional dispositions.